Teoría constructiva de funciones /

Guardado en:
Autor Principal: Kahane, Jean-Pierre.
Formato: Libro
Idioma:Spanish
Publicado: Buenos Aires : Universidad de Buenos Aires, Facultad de Ciencias Exactas y Naturales, Departamento de Matemáticas, 1961.
Series:Cursos y seminarios de matemática ; fasc. 5
Etiquetas: Agregar Etiqueta
Sin Etiquetas, Sea el primero en etiquetar este registro!
LEADER 01318nam a22002055a 4500
001 MAT.inmabb000814
008 031119s1961####ag#a##########000#0#spa#d
005 20170522173433.0
245 1 0 |a Teoría constructiva de funciones /  |c Jean Pierre Kahane. 
260 |a Buenos Aires :  |b Universidad de Buenos Aires, Facultad de Ciencias Exactas y Naturales, Departamento de Matemáticas,  |c 1961. 
300 |a 111 p. :  |b il. ;  |c 27 cm. 
440 0 |a Cursos y seminarios de matemática ;  |v fasc. 5 
500 |a Notas del curso dictado por el autor en el año 1959, tomadas por Cecilia Berdichevsky, Graciela Oliver, Lucrecia Iglesias y Victor Rein. 
505 0 |a 1. Aproximación por funciones escalera -- 2. Interpolación por funciones poligonales -- 3. Polinomios trigonométricos -- 4. Series de Fourier - Sumas de Fejer -- 5. Series de Fourier - Coeficientes de Fourier -- 6. Series de Fourier - Sumas parciales de las series de Fourier - Convergencia y divergencia -- 7. Aproximación de funciones por polinomios trigonométricos -- 8. Transformada de Fourier y funciones enteras de tipo exponencial. 
510 4 |a MR,  |c 26 #2787 
100 1 |a Kahane, Jean-Pierre. 
084 |a 41.55  |2 MR 
859 |h 41  |i K12  |p A-628  |b BIB. MATEMATICA 
859 |h 41  |i K12  |p A-908  |t Ej. 2  |b BIB. MATEMATICA 
859 |h 41  |i K12  |p A-3180  |t Ej. 3  |b BIB. MATEMATICA